| 000 | 00638nam a2200193Ia 4500 | ||
|---|---|---|---|
| 003 | GCL | ||
| 008 | 140319s9999 xx 000 0 ara d | ||
| 040 |
_aGCL / _cGCL |
||
| 082 | 0 | 4 |
_a811.09 _bع د |
| 100 | 1 | _aعبدالكريم بحسون | |
| 245 | 1 | 0 |
_aديوان الزجل: شروقى - قصيد - معنى - عتابا - ابوالذلف / _cعبدالكريم بحسون |
| 260 |
_aبيروت : _bدار مكتبةالهلال ، _c1993 |
||
| 300 |
_a255 ص ؛ _c24 سم |
||
| 490 | _a | ||
| 650 | 0 | 4 | _aالشعر العربى |
| 650 | 0 | 4 | _aالشعر الشعبى اللبنانى |
| 650 | 0 | 4 | _aالزجل |
| 942 |
_2ddc _cBK |
||
| 999 |
_c57354 _d57354 |
||